1314 1297 1475 1354 1002 1150 1965 1631 1991 1025 1227 1129 1435 1587 1357 1337 1153 1209 1719 1619 1232 1891 1691 1991 1102 1754 1973 1938 1322 1249 1018 1352 1221 1800 1125 1661 1188 1555 1073 1560 1560 1505 1197 1941 1968 1199 1776 1158 1112 1936 1377 1595 1147 1444 1695 1396 1318 1787 1345 1034 1918 1299 1785 1690 1415 1134 1222 1357 1880 1591 1806 1829 1889 1639 1343 1547 1908 1954 1303 1589 1269 1510 1453 1861 1669 1906 1439 1598 1349 1562 1911 1953 1955 1510 1550 1976 1824 1310 1354 BCNSPRNW ULIB Ver.6.0+V

เปลี่ยนเป็นภาษาไทย

Change to English
 แสดงรายละเอียดบรรณานุกรม
  กลับหน้าหลัก

Brief Record : Get Marc (ISO 2709) : E-mail record : QR code < ปิดหน้าต่าง
LEADER : 00000nam 2200000uu 4500
001    13399110195
003     ULIB
008    110425s2547||||th 000 0 tha d
020    9748317943
060 04 WL346^bก835ม 2547
100 0  มนูญ บัญชรเทวกุล
245 10 อาการอัมพาตหรืออัมพฤกษ์ครึ่งซีก :^bพยากรณ์การฟื้นตัวเองของผู้ป่วยแนวทางการรักษาทางกายภาพบำบัด /^cมนูญ บัญชรเทวกุล
250    พิมพ์ครั้งที่ 3
260    กรุงเทพฯ :^bหมอชาวบ้าน ;^c2547
300    93 หน้า :^bภาพประกอบ ;^c21 ซม.
650  7 อัมพาตครึ่งซีก
650  7 กายภาพบำบัด
945    ^p110^l0^i017758
945    ^p110^l0^i017757
995    ทศพร
999 ^a ใช้งานได้ทุกระบบ
รายการนี้ยังไม่มีแท็ก
คุณยังไม่ได้ล็อกอิน คุณสามารถมีกิจกรรมร่วมกับเว็บไซต์ได้ แต่ต้องล็อกอินก่อน ::
  ล็อกอิน

รายการสื่อสารสนเทศ

ลำดับที่ ประเภท เลขเรียก/บาร์โค้ด สถานที่ สถานะ
- ไม่พบข้อมูล -

รายการใกล้เคียง
    ผู้แต่ง [มนูญ บัญชรเทวกุล]

    หัวเรื่อง [อัมพาตครึ่งซีก]
    หัวเรื่อง [กายภาพบำบัด]

BibComment


ยังไม่เคยถูกคอมเมนท์

คอมเมนท์ทรัพยากรรายการนี้
  คอมเมนท์: อาการอัมพาตหรืออั..


 Copyright 2026. Bcnsprnw @Library